[Event "CZE-chT2 9900"]
[Site "CZE"]
[Date "2000.??.??"]
[Round "?"]
[White "Klimes, Martin"]
[Black "Haba, Zdenek"]
[Result "1-0"]
[WhiteElo "2140"]
[BlackElo "2265"]
[PlyCount "93"]
[EventDate "1999.??.??"]
[Source "www.chesslib.no"]
[SourceDate "2004.05.04"]

1. e4 e5 2. Nf3 Nc6 3. Bc4 Bc5 4. b4 Bxb4 5. c3 Ba5 6. d4 d6 7. dxe5 dxe5 8. Qb3 Qf6 9. Bg5 Qg6 10. O-O Nf6 11. Qa3 Bg4 12. Nbd2 O-O-O 13. Bd5 Nxd5 14. Bxd8 Nxc3 15. Bh4 Bb4 16. Qb3 Bxf3 17. Nxf3 Qxe4 18. a3 Ba5 19. Qxf7 Qg6 20. Qc4 e4 21. Ng5 h6 22. Qe6+ Qxe6 23. Nxe6 g5 24. Bg3 Rh7 25. Nc5 Bb6 26. Nb3 h5 27. h4 Rg7 28. Rfe1 gxh4 29. Bxh4 Rg4 30. Bf6 Nd5 31. Bb2 Nf4 32. Rad1 Nh3+ 33. Kh2 Nxf2 34. Rd5 Ne7 35. Rxh5 Ng6 36. Bd4 Bxd4 37. Nxd4 Nf4 38. Rh8+ Kd7 39. g3 N4d3 40. Re2 c5 41. Rh7+ Kd6 42. Nb5+ Kc6 43. Nxa7+ Kb6 44. Nc8+ Ka6 45. Nd6 b5 46. Nc8 b4 47. a4 1-0

[Event "St Petersburg op (Women)"]
[Site "St Petersburg"]
[Date "2000.04.09"]
[Round "3"]
[White "Sukhareva, Olga"]
[Black "Bezgodova, Svetlana"]
[Result "1-0"]
[WhiteElo "2133"]
[BlackElo "2268"]
[PlyCount "88"]
[EventDate "2000.04.07"]
[Source "ChessBase"]
[SourceDate "2000.05.11"]

1. e4 e5 2. Nf3 Nc6 3. Bc4 Bc5 4. b4 Bxb4 5. c3 Ba5 6. d4 d6 7. Qb3 Qd7 8. dxe5 dxe5 9. O-O Bb6 10. Rd1 Qe7 11. a4 a6 12. a5 Bc5 13. Rd5 Bd6 14. Bg5 Nf6 15. Nbd2 Nd8 16. Nxe5 Bxe5 17. f4 Bd6 18. e5 Bc5+ 19. Kh1 Ne6 20. exf6 gxf6 21. Bh4 Nxf4 22. Re1 Be6 23. Ne4 Nxd5 24. Bxd5 c6 25. Nxf6+ Kf8 26. Nxh7+ Kg7 27. Bxe7 Bxd5 28. c4 Bxe7 29. cxd5 Bd6 30. Ng5 Rxh2+ 31. Kg1 Rah8 32. Nh3 Rh6 33. dxc6 bxc6 34. Qc4 f6 35. Qxc6 f5 36. Qd7+ Kg8 37. Qxf5 R2xh3 38. gxh3 Bf8 39. Qg5+ Kh7 40. Qf5+ Rg6+ 41. Kh1 Bd6 42. Qh5+ Kg7 43. Qd5 Rh6 44. Qd4+ Kh7 1-0

[Event "Corr"]
[Site "?"]
[Date "2000.03.22"]
[Round "?"]
[White "Makarczuk Jacek"]
[Black "Gawehns Klaus"]
[Result "1-0"]
[WhiteElo "1956"]
[BlackElo "2444"]
[PlyCount "77"]
[EventDate "2000.??.??"]
[Source "www.chesslib.no"]
[SourceDate "2004.05.04"]

1. e4 e5 2. Nf3 Nc6 3. Bc4 Bc5 4. b4 Bxb4 5. c3 Ba5 6. d4 d6 7. Qb3 Qd7 8. O-O Bb6 9. Bb5 a6 10. Ba4 Ba7 11. Qb2 b5 12. Bc2 Nge7 13. a4 O-O 14. axb5 axb5 15. Be3 exd4 16. cxd4 Nb8 17. Nc3 Ba6 18. Rfd1 c6 19. e5 d5 20. Ne2 Bc8 21. Nf4 Nf5 22. Qb1 g6 23. Bd2 Ng7 24. Ra3 Na6 25. h4 Bb6 26. h5 Bd8 27. e6 Nxe6 28. Nxe6 Qxe6 29. Bh6 Qd6 30. Bxf8 Kxf8 31. Qc1 Be7 32. Qh6+ Kg8 33. Ne5 Bf8 34. Qf4 Qc7 35. Rg3 Bg7 36. hxg6 hxg6 37. Bxg6 fxg6 38. Rxg6 Nb4 39. Re1 1-0

[Event "Infotozsde Cup Black Gr 8th"]
[Site "?"]
[Date "2001.02.22"]
[Round "7"]
[White "Szalai Kornel"]
[Black "Kovacs Arthur"]
[Result "1/2-1/2"]
[WhiteElo "2234"]
[BlackElo "2164"]
[PlyCount "40"]
[EventDate "2001.??.??"]
[Source "www.chesslib.no"]
[SourceDate "2004.05.04"]

1. e4 e5 2. Nf3 Nc6 3. Bc4 Bc5 4. b4 Bxb4 5. c3 Ba5 6. d4 d6 7. Qb3 Qd7 8. dxe5 Bb6 9. Nbd2 Na5 10. Qc2 Nxc4 11. Nxc4 d5 12. exd5 Qxd5 13. Qa4+ Bd7 14. Nxb6 cxb6 15. Qb4 Bb5 16. Nd4 Ba6 17. Be3 Ne7 18. Qa4+ Nc6 19. Nxc6 Qxc6 20. Qxc6+ bxc6 1/2-1/2

[Event "FENAG Expertos-A"]
[Site "Guatemala Ciudad"]
[Date "2000.03.19"]
[Round "6"]
[White "Lorenzana, Wilson Estuardo"]
[Black "Juarez Flores, Jorge Guillermo"]
[Result "0-1"]
[WhiteElo "2138"]
[BlackElo "2260"]
[PlyCount "58"]
[EventDate "2000.03.04"]
[Source "www.chesslib.no"]
[SourceDate "2004.05.04"]

1. e4 e5 2. Nf3 Nc6 3. Bc4 Bc5 4. b4 Bxb4 5. c3 Ba5 6. d4 d6 7. Qb3 Qd7 8. dxe5 dxe5 9. O-O Bb6 10. Rd1 Qe7 11. Ba3 Qf6 12. Bb5 Nge7 13. c4 a6 14. Ba4 O-O 15. c5 Ba5 16. Bb2 Bg4 17. Rd3 Rfd8 18. Nbd2 Rxd3 19. Qxd3 Rd8 20. Qe3 Bxd2 21. Nxd2 Nd4 22. f3 Be6 23. a3 Ng6 24. g3 b5 25. cxb6 cxb6 26. Rc1 b5 27. Bd1 Bh3 28. Rc5 Qb6 29. Nb3 Ne6 0-1

[Event "Corr"]
[Site "?"]
[Date "1999.12.15"]
[Round "?"]
[White "Lannaioli Alfonsino (ITA)"]
[Black "Sabaev Sergey Valentinovic"]
[Result "0-1"]
[WhiteElo "2189"]
[BlackElo "2197"]
[PlyCount "62"]
[EventDate "1999.??.??"]
[Source "www.chesslib.no"]
[SourceDate "2004.05.04"]

1. e4 e5 2. Nf3 Nc6 3. Bc4 Bc5 4. b4 Bxb4 5. c3 Ba5 6. d4 d6 7. Qb3 Nxd4 8. Nxd4 exd4 9. Bxf7+ Kf8 10. O-O Qe7 11. Qa4 Bb6 12. Bxg8 Bd7 13. Qc2 Rxg8 14. Re1 Re8 15. Bb2 Bc6 16. cxd4 Bxe4 17. Qd2 Qh4 18. Nc3 Bc6 19. d5 Bd7 20. Rxe8+ Kxe8 21. Re1+ Kd8 22. Nd1 Qg4 23. Ne3 Qf4 24. Re2 g5 25. Qd3 Rf8 26. Bc3 a6 27. Qd2 Bb5 28. Re1 h5 29. Ba5 Bxa5 30. Qxa5 Qxf2+ 31. Kh1 Qxe3 0-1

[Event "Frydek Mistek women"]
[Site "Frydek Mistek CZE"]
[Date "1996.??.??"]
[Round "4"]
[White "Jackova, Jana"]
[Black "Stotskaja, Elena"]
[Result "1-0"]
[WhiteElo "2210"]
[BlackElo "2170"]
[PlyCount "29"]
[EventDate "1996.??.??"]
[Source "www.chesslib.no"]
[SourceDate "2004.05.04"]

1. e4 e5 2. Nf3 Nc6 3. Bc4 Bc5 4. b4 Bxb4 5. c3 Ba5 6. d4 d6 7. Qb3 Qd7 8. O-O Nf6 9. dxe5 Nxe4 10. Re1 d5 11. Bxd5 Nc5 12. Qc4 Ne6 13. Ba3 Ne7 14. Bxe7 Qxe7 15. Bxe6 1-0

[Event "Yerevan ol (Men)"]
[Site "Yerevan"]
[Date "1996.??.??"]
[Round "11"]
[White "Eid, Fadi"]
[Black "Stevanovic, Nedjo"]
[Result "1/2-1/2"]
[WhiteElo "2270"]
[BlackElo "2095"]
[PlyCount "90"]
[EventDate "1996.09.??"]
[Source "www.chesslib.no"]
[SourceDate "2004.05.04"]

1. e4 e5 2. Nf3 Nc6 3. Bc4 Bc5 4. b4 Bxb4 5. c3 Ba5 6. d4 d6 7. dxe5 dxe5 8. Qb3 Qf6 9. O-O Bb6 10. Na3 Bg4 11. Ng5 Nh6 12. h3 Bd7 13. Kh1 O-O-O 14. Qc2 Qg6 15. Rd1 f6 16. Nf3 Qh5 17. Rxd7 Rxd7 18. Be6 Nd8 19. Bxd7+ Kxd7 20. Nc4 Nc6 21. a4 Kc8 22. a5 Bc5 23. Be3 Bxe3 24. Nxe3 Rd8 25. a6 b6 26. Nd5 f5 27. Nb4 Qe8 28. exf5 e4 29. Re1 Nxf5 30. Rxe4 Nxb4 31. cxb4 Qb5 32. Re5 Qf1+ 33. Kh2 g6 34. Rxf5 gxf5 35. Qxf5+ Kb8 36. Ne5 Qb5 37. Qe4 Qd5 38. Nc6+ Ka8 39. f3 Qxe4 40. fxe4 Rd6 41. b5 Rd3 42. e5 Re3 43. Kg1 h5 44. Kf2 h4 45. Kf1 Re2 1/2-1/2

[Event "Corr"]
[Site "?"]
[Date "1999.??.??"]
[Round "?"]
[White "Scacco Mauro"]
[Black "Horak Jiri"]
[Result "1/2-1/2"]
[WhiteElo "2087"]
[BlackElo "2270"]
[PlyCount "54"]
[EventDate "1999.??.??"]
[Source "www.chesslib.no"]
[SourceDate "2004.05.04"]

1. e4 e5 2. Nf3 Nc6 3. Bc4 Bc5 4. b4 Bxb4 5. c3 Ba5 6. d4 d6 7. Qb3 Qd7 8. dxe5 dxe5 9. O-O Bb6 10. Rd1 Qe7 11. Rd5 a6 12. Nbd2 Qf6 13. Nf1 Be6 14. Ng3 h6 15. Be3 Nge7 16. Bxb6 cxb6 17. Qxb6 O-O 18. Re1 Rab8 19. Bb3 Bg4 20. Rd3 Ng6 21. Ne2 Be6 22. Red1 Bxb3 23. Qxb3 Rfd8 24. Rd5 Nge7 25. Rxd8+ Rxd8 26. Rxd8+ Nxd8 27. c4 Nec6 1/2-1/2

[Event "POL-chTJ"]
[Site "Rowy"]
[Date "1998.08.20"]
[Round "1"]
[White "Zawadzki, Stanislaw"]
[Black "Poniatowski, Pawel"]
[Result "1-0"]
[WhiteElo "2245"]
[BlackElo "2110"]
[PlyCount "107"]
[EventDate "1998.08.??"]
[Source "www.chesslib.no"]
[SourceDate "2004.05.04"]

1. e4 e5 2. Nf3 Nc6 3. Bc4 Bc5 4. b4 Bxb4 5. c3 Ba5 6. d4 d6 7. Qb3 Qd7 8. dxe5 Bb6 9. Nbd2 Na5 10. Qc2 Nxc4 11. Nxc4 dxe5 12. Nfxe5 Qe6 13. Ba3 Ne7 14. Qa4+ Bd7 15. Nxd7 Qxd7 16. Nxb6 cxb6 17. Qxd7+ Kxd7 18. O-O-O+ Ke8 19. Rd6 Rd8 20. Rhd1 Rxd6 21. Rxd6 h5 22. Kc2 h4 23. e5 Nf5 24. Rd5 Rh6 25. Kd3 Rc6 26. c4 Rc7 27. c5 bxc5 28. Rxc5 Rxc5 29. Bxc5 b6 30. Ba3 Kd7 31. Ke4 Ke6 32. g4 hxg3 33. fxg3 g6 34. g4 Nh6 35. h3 Ng8 36. Bb2 a6 37. h4 b5 38. Kf4 a5 39. Kg5 b4 40. h5 gxh5 41. gxh5 Ne7 42. h6 Ng6 43. h7 Nh8 44. Kh6 f5 45. exf6 Kf7 46. Kg5 Ke6 47. Kf4 Kd5 48. Kf5 Kd6 49. f7 Nxf7 50. Kf6 Nh8 51. Kg7 Ke7 52. Bf6+ Ke8 53. Kxh8 Kf7 54. Be7 1-0

[Event "Torneio de Mestres"]
[Site "Oliveira de Azemeis"]
[Date "2001.05.14"]
[Round "8.2"]
[White "Padeiro, Jose"]
[Black "Durao, Joaquim"]
[Result "0-1"]
[WhiteElo "2216"]
[BlackElo "2135"]
[PlyCount "94"]
[EventDate "2001.05.07"]
[Source "www.chesslib.no"]
[SourceDate "2004.05.04"]

1. e4 e5 2. Nf3 Nc6 3. Bc4 Bc5 4. b4 Bxb4 5. c3 Ba5 6. d4 d6 7. Qb3 Qd7 8. dxe5 Bb6 9. Bb5 a6 10. Bxc6 Qxc6 11. Ng5 Nh6 12. O-O dxe5 13. Ba3 f6 14. Qb4 Qd6 15. Qb3 Qc6 16. Qb4 Qd7 17. Nf3 a5 18. Qb2 Qc6 19. c4 Be6 20. Nc3 Bc5 21. Bxc5 Qxc5 22. Qxb7 O-O 23. Nd5 Qxc4 24. Rfc1 Rab8 25. Qxc7 Qxe4 26. Ne7+ Kh8 27. Qxa5 Bg4 28. Nd2 Qd3 29. Qc3 Qd7 30. Nc6 Rbc8 31. Nb3 Be6 32. Nba5 Bd5 33. Rab1 Nf5 34. Qh3 Be6 35. Qh5 Bf7 36. Qe2 Bg6 37. Rb6 Nd4 38. Qd1 Qc7 39. Rb2 Rfd8 40. Qf1 Nxc6 41. Nxc6 Rd6 42. Qa6 Be4 43. Qxc8+ Qxc8 44. Rb8 Rd8 45. Rxc8 Rxc8 46. f3 Bxc6 47. a4 Bd7 0-1

[Event "ISL-chB"]
[Site "Reykjavik"]
[Date "1997.??.??"]
[Round "6"]
[White "Bjornsson, Tomas"]
[Black "Thorfinnsson, Bjorn"]
[Result "1-0"]
[WhiteElo "2240"]
[BlackElo "2105"]
[PlyCount "35"]
[EventDate "1997.??.??"]
[Source "www.chesslib.no"]
[SourceDate "2004.05.04"]

1. e4 e5 2. Nf3 Nc6 3. Bc4 Bc5 4. b4 Bxb4 5. c3 Ba5 6. d4 d6 7. Qb3 Qd7 8. O-O exd4 9. cxd4 Bb6 10. Bb5 a6 11. Ba4 Ba7 12. d5 b5 13. dxc6 Qg4 14. Ng5 Qh5 15. Qc3 bxa4 16. Qxg7 Qg6 17. Qxh8 f6 18. Nc3 1-0